| 000 | 01261cam a22003737a 4500 | ||
|---|---|---|---|
| 003 | CHAP | ||
| 005 | 20220329140136.0 | ||
| 008 | 971013s1988 r 00010 d | ||
| 010 | _a47591 | ||
| 011 | _a48563 | ||
| 035 | _a52709 | ||
| 040 | _cCHAP | ||
| 090 | _aTesis | ||
| 100 | 0 | 0 |
_aPérez Ixchop, Ovidio. _989754 |
| 245 | 0 | _aFertilización foliar de macro y micronutrimientos en un andasol de la Sierra Tarasca, Michoacán | |
| 260 |
_aMontecillo, Méx. : _bEl autor, _c1988 |
||
| 300 | _a167 h. | ||
| 502 | _aTesis (M.C. Esp. en Edafología) -- CP. Centro de Edafología | ||
| 590 |
_aALEPH _b10 _c20130110 _lUCH01 _h1317 |
||
| 590 |
_aBATCH-UPD _b10 _c20130110 _lUCH01 _h1211 |
||
| 590 |
_aBATCH-UPD _b10 _c20130410 _lUCH01 _h0750 |
||
| 590 |
_aBATCH-UPD _b10 _c20130914 _lUCH01 _h1256 |
||
| 590 |
_aCONVERSION _b10 _c20130109 _lUCH01 _h1326 |
||
| 650 | 1 | 4 |
_aElementos menores. _936257 |
| 650 | 1 | 4 |
_aFertilización foliar. _940445 |
| 650 | 1 | 4 |
_aFertilizantes para maíz. _940625 |
| 650 | 1 | 4 |
_aMaíz _xMichoacán. _971019 |
| 650 | 1 | 4 |
_aPlantas _xNutrición. _988874 |
| 650 | 1 | 4 |
_aSuelos volcánicos. _9110567 |
| 901 | _aBK | ||
| 942 | _cFOLL | ||
| 949 |
_bBC _cTES _d-117259 _eTS1 _h20881 _i52709 _si |
||
| 949 |
_bBC _cTES _d-117260 _eTS2 _fc.2 _h20882 _i52709 _si |
||
| 999 |
_c47591 _d47591 |
||